00959nam a2200265 a 4500001001000000003000900010005001700019007001000036008004100046020002900087020001500116040002200131082001500153245008900168260003800257300002800295490005400323500002200377500008400399505007700483650003300560700002300593700002300616830005400639000036043DO-SdBNP20171110125513.0000036043111124s20uu sp a 001 0 spa d a848236023x (colección) a8482360299 aBPMSUbspacBPMSU 4a750bT255o00aTécnicas básicas de la pintura al óleo /c editor Rachel Wolf, Greg Albert.b  aBarcelona :bIdea Books,c[200?]. a122 p. :bil. ;c30 cm.1 aCurso básico de técnicas de dibujo y pintura  aIncluye índice.0 aCurso básico de técnicas de dibujo y pintura (título tomado del estuche )0 gTécnicas básicas de pintura al óleo --rGreg Albert,rRachel Wolf. 4aPINTURA EN ÓLEOxTÉCNICA12aAlbert, Greg,eed.12aWolf, Rachel,eed. 0aCurso básico de técnicas de dibujo y pintura